| 000 | 00503cam a2200193ua 4500 | ||
|---|---|---|---|
| 003 | OSt | ||
| 008 | 240213b |||||||| |||| 00| 0 eng d | ||
| 020 | _a0-7153-8754-5 | ||
| 041 | _aeng | ||
| 082 |
_a754.61 _bSHE/CA |
||
| 100 |
_aSheperd, Margaret . _91541 |
||
| 245 | _aCalligraphy now: new light on traditional letters / | ||
| 250 | _a1 / | ||
| 260 |
_aLondon : _bDavid & Charles , _c1985. |
||
| 300 | _a192 ; . | ||
| 650 |
_aLettering _91542 |
||
| 650 |
_aLettering/Writing styles _91543 |
||
| 942 | _cBK | ||
| 999 |
_c3 _d3 |
||